| 000 | 00898nam a2200229Ia 4500 | ||
|---|---|---|---|
| 003 | BUBTL | ||
| 008 | 151213s9999 xx 000 0 und d | ||
| 041 | _aবাংলা | ||
| 082 | _a340.59/ R1293m/ 1989 | ||
| 100 |
_aরহমান, এম হাবিবুর _95394 |
||
| 245 |
_aমুসলিম আইন (প্রথম খন্ড)/ পরিচিতি এবং উত্তরাধিকার সংক্রান্ত: _cএম হাবিবুর রহমান |
||
| 250 | _a১ম সং | ||
| 260 |
_aরাজশাহী _bসৈয়দা মর্জিনা খাতুন _cc1989 |
||
| 300 |
_a233p. : _bill. ; 21 cm. |
||
| 526 | _aLaw | ||
| 650 | _aLaw | ||
| 650 | _a | ||
| 700 |
_aএম হাবিবুর রহমান॥ _95395 |
||
| 856 |
_k0 _l0 _yDownload |
||
| 942 |
_2ddc _cBK |
||
| 999 |
_c2457 _d2457 |
||